A first course in fuzzy logic /

Guardado en:
Autor Principal: Nguyen, Hung T., 1944-
Otros Autores: Walker, E. 1930-
Formato: Libro
Idioma:English
Publicado: Boca Raton : CRC Press, c1997.
Materias:
Etiquetas: Agregar Etiqueta
Sin Etiquetas, Sea el primero en etiquetar este registro!
LEADER 00811cam a2200241 a 4500
001 MAT.inmabb003590
008 960416s1997####flua#####b####001#0#eng##
005 20130502154928.0
245 1 2 |a A first course in fuzzy logic /  |c Hung T. Nguyen and Elbert A. Walker. 
260 |a Boca Raton :  |b CRC Press,  |c c1997. 
300 |a 266 p. :  |b il. ;  |c 25 cm. 
504 |a Incluye referencias bibliográficas (p. 245-249) e índice. 
510 4 |a MR,  |c 98b:03041 
020 |a 0849394775 
100 1 |a Nguyen, Hung T.,  |d 1944- 
700 1 |a Walker, E.  |q (Elbert),  |d 1930- 
246 3 0 |a Fuzzy logic 
650 0 |a Neural networks (Computer science) 
650 0 |a Fuzzy logic. 
084 |a 03B52 (03E72 03-01 68T27 68T30 28E10)  |2 msc2000 
010 |a  96002728  
040 |a DLC  |c DLC  |d DLC 
859 |h 03  |i N576  |p A-7597  |b BIB. MATEMATICA